Home Alone 2 Characters - Statistics

General Stats
  • This quiz has been taken 106 times
  • The average score is 10 of 16
Answer Stats
Picture Answer % Correct
Kevin
99%
Marv
91%
Donald Trump
88%
Buzz
86%
Harry
86%
Peter
77%
Fuller
70%
Frank
69%
Kate
64%
Pigeon Lady
55%
Cedric
52%
Duncan
48%
Leslie
34%
Johnny
25%
Hector
17%
Hester
10%
No matching quizzes found
Score Distribution
Percent of People with Each Score
Percentile by Number Answered
Your Score History
You have not taken this quiz